LEADER 04611nam 2200625Ia 450 001 9910455175303321 005 20200520144314.0 010 $a1-134-87168-6 010 $a1-280-33598-X 010 $a0-203-16220-X 035 $a(CKB)111056485518460 035 $a(EBL)179940 035 $a(OCoLC)437082492 035 $a(SSID)ssj0000252769 035 $a(PQKBManifestationID)11224817 035 $a(PQKBTitleCode)TC0000252769 035 $a(PQKBWorkID)10185555 035 $a(PQKB)10869874 035 $a(MiAaPQ)EBC179940 035 $a(Au-PeEL)EBL179940 035 $a(CaPaEBR)ebr10060652 035 $a(CaONFJC)MIL33598 035 $a(EXLCZ)99111056485518460 100 $a19931115d1993 uy 0 101 0 $aeng 135 $aur|n|---||||| 181 $ctxt 182 $cc 183 $acr 200 14$aThe struggle for Russia$b[electronic resource] $epower and change in the democratic revolution /$fRuslan Khasbulatov ; edited by Richard Sakwa 210 $aLondon ;$aNew York $cRoutledge$d1993 215 $a1 online resource (289 p.) 300 $aTranslated from Russian. 300 $aIncludes index. 311 $a0-415-09292-2 327 $aTHE STRUGGLE FOR RUSSIA Power and change in the democratic revolution; Copyright; Contents; Author's preface; Introduction: Richard Sakwa; Part I On the eve; 1 Personal; 2 Russia, Socialism and the Transition; 3 In Politics and Government; 4 Remaking the State; The Union Treaty; The Federal Treaty; The Constitution of the Federation; In the community of the Union; 5 Economic Transformation; Russia and the economic crisis; The '500 days' plan and beyond; Land reform; Privatisation and the market; Economic reform and the world; 6 Beyond Communism; Politics before the coup; Rebuilding Russia 327 $aAppendix: Union Treaty (drafted in August 1990)Part II The coup; 7 Day One: 19 August 1991; Democracy in danger; The deputies: organisers of the defence; 8 Day Two: 20 August 1991; The ultimatum; 9 Day Three: 21 August 1991; A tragic night; The session of the Supreme Soviet; 10 23 August 1991: Gorbachev in Parliament; 11 The Origins of the Conspiracy; Questions, questions; The role of the military; The military-industrial complex; The dirty work of Kryuchkov's KGB; 12 The Fate of Freedom; On the verge of ruin; The bankruptcy of the doomed; Conclusion; Part III Power; 13 On Power 327 $aThoughts of the Speaker14 The Separation of Powers and Russia's Crisis; The separation of powers; Dictatorship and democracy; Economic and political power; The CIS: the collapse of a great empire and post-Union cooperation; 15 Power and Russia; The search for common sense; Parliamentarianism, parliament and democracy; Parliament and opposition; Parliament and the market economy; The professionalism of parliament; The vertical and horizontal separation of power; Parliament in civil society; Parliament and the government; Presidential and parliamentary forms of government 327 $a16 Federalism and DemocracyRussia and modern federalism; Federalism as a method of resolving ethnic disputes; Federalism and the problem of sovereignty; Federalism and the decentralisation of administration; Federalism, democracy and the treaty process; Federation and the defence of its principles; Federalism as a basis of national unity; Interaction of President and parliament; Conclusion; Index 330 $aRuslan Khasbulatov has played a central role in the dramatic changes in Russia over the last three years. He became Acting Speaker of the Russian parliament in July 1991 and helped to defend the Russian White House during the coup attempt of that August. He has since consolidated his influence in the Parliament, and has become one of the country's most powerful and controversial politicians. In this book, Khasbulatov presents his views on Russian politics before the coup, offers a vivid first-hand account of the resistance to the coup, and concludes with his views on the problem of power i 607 $aSoviet Union$xHistory 607 $aSoviet Union$xHistory$yAttempted coup, 1991$vPersonal narratives 607 $aRussia (Federation)$xPolitics and government$y1991- 607 $aSoviet Union$xPolitics and government$y1985-1991 608 $aElectronic books. 676 $a947.085/4 700 $aKhasbulatov$b R. I$g(Ruslan Imranovich)$0974771 701 $aSakwa$b Richard$0508947 801 0$bMiAaPQ 801 1$bMiAaPQ 801 2$bMiAaPQ 906 $aBOOK 912 $a9910455175303321 996 $aThe struggle for Russia$92219621 997 $aUNINA LEADER 06763nam 22006372 450 001 9910458623203321 005 20210531145055.0 010 $a1-280-91474-2 010 $a9786610914746 010 $a90-474-0463-7 010 $a1-4294-0992-4 024 7 $a10.1163/9789047404637 035 $a(CKB)1000000000404007 035 $a(EBL)3003986 035 $a(SSID)ssj0000218570 035 $a(PQKBManifestationID)12029783 035 $a(PQKBTitleCode)TC0000218570 035 $a(PQKBWorkID)10219856 035 $a(PQKB)11067256 035 $a(MiAaPQ)EBC3003986 035 $a(Au-PeEL)EBL3003986 035 $a(CaPaEBR)ebr10175390 035 $a(CaONFJC)MIL91474 035 $a(OCoLC)923612356 035 $z(OCoLC)1162208981 035 $a(nllekb)BRILL9789047404637 035 $a(EXLCZ)991000000000404007 100 $a20200716d2004 uy 0 101 0 $aeng 135 $aur|n|---||||| 181 $ctxt 182 $cc 183 $acr 200 00$aDutch Review of Church History, Volume 83: The Pastor Bonus $ePapers read at the British-Dutch Colloquium at Utrecht, 18-21 September 2002 /$fedited by Theo Clemens, Wim Janse 210 1$aLeiden; $aBoston :$cBRILL,$d2004. 215 $a1 online resource (627 p.) 225 1 $aDutch Review of Church History ;$v83 300 $aDescription based upon print version of record. 311 $a90-04-13173-6 320 $aIncludes bibliographical references and index. 327 $aI. INTRODUCTION -- Opening Speech, Peter Raedts -- Searching for the Good Shepherd, Theo Clemens -- II. THE ERA OF LATIN CHRISTIANITY -- The Requirements of the Pastor Bonus in the Late Middle Ages, Anton Weiler -- Requirements for Becoming and Remaining a Pastor: An Impression from the Late Medieval Synodal Statutes of the Diocese of Cambrai, 1308-1500, Charles Caspers -- Pastoralia in Practice: Clergy and Ministry in pre-Reformation England, Robert Swanson -- The Good Pastor in Late Medieval Dutch Texts, Petty Bange -- How to be a Good Shepherd in Devotio Moderna : The Example of Johannes Brinckerinck (1359-1419), Mathilde van Dijk -- III. THE SIXTEENTH AND SEVENTEENTH CENTURIES: THE ERA OF CONFESSIONALISATION -- From Catholic Priests to Protestant Ministers: Pastoral Education in the Diocese of York, 1520-1620, Claire Cross -- Preachers between Inspiration and Instruction: Dutch Reformed Ministers without Academic Education (Sixteenth-Eighteenth Centuries), Fred van Lieburg -- Requirements for Dutch Reformed Ministers, 1570-1620, Ingrid Dobbe -- Ysbrandus Trabius' Sermon Het Cleyn Mostertzaet (1590) Examined on the Pastor's Profile, Frank van de Pol -- The Reformed Pastor in English Puritanism, Eamon Duffy -- Paragons of Piety: Representations of Priesthood in the Lives of the Haarlem Virgins, Joke Spaans -- "You are the Salt of the Earth and the Light of the World": Regulars, Seculars, and the Pastoral Care of New Catholics in the Upper Palatinate during the Thirty Years' War, Trevor Johnson -- Good Pastors in the Missio Hollandica in the Second Half of the Seventeenth Century, Gian Ackermans -- 'The Minister's Calling': The Preparation and Qualification of Candidates for the Presbyterian Ministry in England, 1660-89, David Wykes -- IV. THE LONG EIGHTEENTH CENTURY -- Standards for Admission to the Ministry of the Church of England in the Eighteenth Century, Jeremy Gregory -- Supervising the Pastors: Supervision and Discipline of the Clergy in Norfolk in the Eighteenth Century, W.M. Jacob -- Theologus Eruditus, Theologus Modestus : The Early Modern Pastor as Communication Worker, Joris van Eijnatten -- An Opportunity Missed? The Provision of Education and Training for a Non-Graduate Clergy: Comparative Case Studies of the Dioceses of St. David's and Sodor and Man in the Eighteenth and Nineteenth Centuries, Nigel Yates -- V. THE NINETEENTH AND TWENTIETH CENTURIES -- A Good Enough Parson: Early Nineteenth-Century Dutch Discourse on Requirements for the Pastoral Ministry in the Reformed Church, David Bos -- Movements toward Renewal: The Belgian Church and the Improvement of Clerical Education, 1830-50, Leo Kenis -- Theological Education at the Dutch Universities in the Nineteenth Century, F.G.M. Broeyer -- The Pastoral Ministry in the Anglican Church in England and Wales, c.1840-1950, Frances Knight -- An Innovation in the Nineteenth-Century Theological Training: The Lichfield Probationers' Scheme, John Tomlinson -- Clergymen, Gentlemen and Men: World War I and the Requirements, Recruitment, and Training of the Anglican Ministry, Stuart Mews -- Priesthood and Priestly Training in the Light of Vatican II: Visions and Expectations in the Low Countries, Lieve Gevers -- Earrings behind the Altar? Anglican Expectations of the Ordination of Women as Priests, Ian Jones -- VI. CLOSING -- Closing Speech, Peter Raedts -- Book Reviews. 330 $aThe Dutch Review of Church History is a long-established periodical, primarily devoted to the history of Christianity. It contains articles in this field as well as in other specialised related areas. For many years the Dutch Review of Church History has established itself as an unrivalled resource for the subject both in the major research libraries of the world and in the private collections of professors and scholars. Now published as an annual the Dutch Review of Church History offers you an easy way to stay on top of your discipline. With an international circulation, the Dutch Review of Church History provides its readers with articles in English, French and German. Frequent theme issues allow deeper, cutting-edge discussion of selected topics. An extensive book review section is included in every issue keeping you up to date with all the latest information in the field of Church history. Contributors to vol. 83 include: Gian Ackermans, Petty Bange, David Bos, F.G.M. Broeyer, Charles Caspers, Theo Clemens, Claire Cross, Mathilde van Dijk, Ingrid Dobbe, Eamon Duffy, Joris van Eijnatten, Lieve Gevers, Jeremy Gregory, W.M. Jacob, Trevor Johnson, Ian Jones, Leo Kenis, Frances Knight, Fred van Lieburg, Stuart Mews, Frank van de Pol, Peter Raedts, Joke Spaans, Robert Swanson, John Tomlinson, Anton Weiler, David Wykes, and Nigel Yates. 410 0$aDutch Review of Church History ;$v83. 517 3 $aPapers read at the British-Dutch Colloquium at Utrecht, 18-21 September 2002 606 $aChurch history 608 $aElectronic books. 615 0$aChurch history. 676 $a270.05 702 $aJanse$b Wim 702 $aClemens$b Theo 801 0$bNL-LeKB 801 1$bNL-LeKB 906 $aBOOK 912 $a9910458623203321 996 $aDutch Review of Church History, Volume 83: The Pastor Bonus$92582956 997 $aUNINA LEADER 03990nam 2200637 450 001 9910792152303321 005 20200520144314.0 010 $a0-8014-7061-7 024 7 $a10.7591/9780801470615 035 $a(CKB)2560000000125885 035 $a(OCoLC)880451206 035 $a(CaPaEBR)ebrary10861875 035 $a(SSID)ssj0001184622 035 $a(PQKBManifestationID)12478396 035 $a(PQKBTitleCode)TC0001184622 035 $a(PQKBWorkID)11196049 035 $a(PQKB)10515979 035 $a(MiAaPQ)EBC3138592 035 $a(OCoLC)1080549944 035 $a(MdBmJHUP)muse58390 035 $a(DE-B1597)496564 035 $a(DE-B1597)9780801470615 035 $a(Au-PeEL)EBL3138592 035 $a(CaPaEBR)ebr10861875 035 $a(CaONFJC)MIL683619 035 $a(PPN)192282328 035 $a(EXLCZ)992560000000125885 100 $a20140429h20142014 uy 0 101 0 $aeng 135 $aurcnu|||||||| 181 $ctxt 182 $cc 183 $acr 200 10$aForgotten foundations of Bretton Woods $einternational development and the making of the postwar order /$fEric Helleiner 210 1$aIthaca, New York :$cCornell University Press,$d2014. 210 4$dİ2014 215 $a1 online resource (317 p.) 300 $aBibliographic Level Mode of Issuance: Monograph 311 $a1-322-52337-1 311 $a0-8014-5275-9 320 $aIncludes bibliographical references and index. 327 $tFrontmatter -- $tContents -- $tPreface -- $tList of Abbreviations -- $tInternational Development and the North-South Dialogue of Bretton Woods -- $t1. Good Neighbors Prepare the Ground -- $t2. The First Draft: The Inter-American Bank -- $t3. A New Approach to Money Doctoring: Cuba -- $t4. Building Foundations: US Postwar Planning -- $t5. Strengthening the Foundations: Paraguay -- $t6. Latin American Backing for Bretton Woods -- $t7. Development Aspirations in East Asia -- $t8. Lukewarm and Inconsistent Britain -- $t9. Enthusiasm from Eastern Europe and India -- $tThe Aftermath and the Forgetting -- $tReferences -- $tIndex 330 $aEric Helleiner's new book provides a powerful corrective to conventional accounts of the negotiations at Bretton Woods, New Hampshire, in 1944. These negotiations resulted in the creation of the International Monetary Fund and the World Bank-the key international financial institutions of the postwar global economic order. Critics of Bretton Woods have argued that its architects devoted little attention to international development issues or the concerns of poorer countries. On the basis of extensive historical research and access to new archival sources, Helleiner challenges these assumptions, providing a major reinterpretation that will interest all those concerned with the politics and history of the global economy, North-South relations, and international development.The Bretton Woods architects-who included many officials and analysts from poorer regions of the world-discussed innovative proposals that anticipated more contemporary debates about how to reconcile the existing liberal global economic order with the development aspirations of emerging powers such as India, China, and Brazil. Alongside the much-studied Anglo-American relationship was an overlooked but pioneering North-South dialogue. Helleiner's unconventional history brings to light not only these forgotten foundations of the Bretton Woods system but also their subsequent neglect after World War II. 606 $aInternational finance$xHistory$y20th century 606 $aEconomic development$xHistory$y20th century 615 0$aInternational finance$xHistory 615 0$aEconomic development$xHistory 676 $a338.9109/045 700 $aHelleiner$b Eric$f1963-$0721088 801 0$bMiAaPQ 801 1$bMiAaPQ 801 2$bMiAaPQ 906 $aBOOK 912 $a9910792152303321 996 $aForgotten foundations of Bretton Woods$93697962 997 $aUNINA